Hindu speaks on scientific facts (Record no. 201667)
[ view plain ]
| 000 -LEADER | |
|---|---|
| fixed length control field | 00372nam a2200157Ia 4500 |
| 008 - FIXED-LENGTH DATA ELEMENTS--GENERAL INFORMATION | |
| fixed length control field | 210716s2005 xx 000 0 und d |
| 041 ## - LANGUAGE CODE | |
| Language code of text/sound track or separate title | eng |
| 082 ## - DEWEY DECIMAL CLASSIFICATION NUMBER | |
| Classification number | 658.4062 RAVN |
| 100 ## - MAIN ENTRY--PERSONAL NAME | |
| Personal name | Ravi, N. |
| 245 ## - TITLE STATEMENT | |
| Title | Hindu speaks on scientific facts |
| 250 ## - EDITION STATEMENT | |
| Edition statement | 1 |
| 260 ## - PUBLICATION, DISTRIBUTION, ETC. | |
| Place of publication, distribution, etc. | Chennai |
| Name of publisher, distributor, etc. | Kasturi and Sons Ltd |
| Date of publication, distribution, etc. | 2005 |
| 300 ## - PHYSICAL DESCRIPTION | |
| Extent | xiii,356 |
| 440 ## - SERIES STATEMENT/ADDED ENTRY--TITLE | |
| Volume/sequential designation | I |
| 700 ## - ADDED ENTRY--PERSONAL NAME | |
| Personal name | Ravi, N. |
| Withdrawn status | Lost status | Source of classification or shelving scheme | Damaged status | Not for loan | Collection code | Home library | Current library | Date acquired | Cost, normal purchase price | Total Checkouts | Full call number | Barcode | Date last seen | Cost, replacement price | Price effective from | Koha item type |
|---|---|---|---|---|---|---|---|---|---|---|---|---|---|---|---|---|
| Dewey Decimal Classification | Reference Book | MBA | St Aloysius Institute of Management & Information Technology | St Aloysius Institute of Management & Information Technology | 12/19/2006 | 100.00 | 658.4062 RAVN | MBA04233 | 07/21/2025 | 100.00 | 07/16/2021 | Book |